[Event "DEM U12 2021"]
[Site "Willingen GER"]
[Date "2021.08.23"]
[Round "1"]
[White "Gärtner, Alessandro"]
[Black "Mündörfer, Sebastian"]
[Result "1-0"]
[Termination "normal"]
[Board "18"]
[WhiteElo "1332"]
[BlackElo "1176"]
[WhiteClock "00:57:07"]
[BlackClock "00:03:26"]
[PlyCount "65"]
[WhiteFideId "16268024"]
[BlackFideId "34604367"]
[EventCountry "GER"]
[EventRounds "9"]
[EventType "swiss"]
[EventDate "2021.08.22"]

1. c4 {[%clk 01:30:58]} {[%emt 00:00:02]} Nf6 {[%clk 01:30:25]} {[%emt
00:00:36]} 2. Nc3 {[%clk 01:31:15]} {[%emt 00:00:12]} c5 {[%clk 01:30:39]}
{[%emt 00:00:16]} 3. g3 {[%clk 01:31:20]} {[%emt 00:00:25]} Nc6 {[%clk
01:30:53]} {[%emt 00:00:16]} 4. Bg2 {[%clk 01:31:35]} {[%emt 00:00:14]} g6
{[%clk 01:31:11]} {[%emt 00:00:13]} 5. e3 {[%clk 01:31:24]} {[%emt 00:00:41]}
Bg7 {[%clk 01:31:29]} {[%emt 00:00:12]} 6. Nge2 {[%clk 01:31:42]} {[%emt
00:00:12]} O-O {[%clk 01:29:54]} {[%emt 00:02:04]} 7. O-O {[%clk 01:31:19]}
{[%emt 00:00:54]} Ne5 {[%clk 01:22:09]} {[%emt 00:08:15]} 8. d3 {[%clk
01:29:03]} {[%emt 00:02:46]} d6 {[%clk 01:18:41]} {[%emt 00:03:59]} 9. b3
{[%clk 01:26:43]} {[%emt 00:02:50]} Nc6 {[%clk 01:09:39]} {[%emt 00:09:31]} 10.
Bb2 {[%clk 01:26:26]} {[%emt 00:00:46]} Bd7 {[%clk 01:05:23]} {[%emt 00:04:47]}
11. d4 {[%clk 01:25:41]} {[%emt 00:01:15]} Rb8 {[%clk 01:04:50]} {[%emt
00:01:04]} 12. a4 {[%clk 01:22:57]} {[%emt 00:03:14]} b6 {[%clk 00:55:15]}
{[%emt 00:10:05]} 13. Bxc6 {[%clk 01:20:27]} {[%emt 00:02:59]} Bxc6 {[%clk
00:55:11]} {[%emt 00:00:35]} 14. d5 {[%clk 01:20:44]} {[%emt 00:00:12]} Bd7
{[%clk 00:55:14]} {[%emt 00:00:27]} 15. Ra2 {[%clk 01:19:22]} {[%emt 00:01:52]}
Bh3 {[%clk 00:52:22]} {[%emt 00:03:22]} 16. Re1 {[%clk 01:19:30]} {[%emt
00:00:21]} Bg4 {[%clk 00:51:19]} {[%emt 00:01:33]} 17. Kg2 {[%clk 01:17:48]}
{[%emt 00:02:14]} Qd7 {[%clk 00:47:45]} {[%emt 00:04:04]} 18. f3 {[%clk
01:17:40]} {[%emt 00:00:37]} Bh3+ {[%clk 00:45:10]} {[%emt 00:03:05]} 19. Kg1
{[%clk 01:17:41]} {[%emt 00:00:29]} g5 {[%clk 00:39:54]} {[%emt 00:05:46]} 20.
e4 {[%clk 01:15:50]} {[%emt 00:02:20]} h6 {[%clk 00:29:34]} {[%emt 00:10:51]}
21. Nc1 {[%clk 01:11:54]} {[%emt 00:04:26]} e5 {[%clk 00:26:43]} {[%emt
00:03:21]} 22. dxe6 {[%clk 01:09:18]} {[%emt 00:03:05]} fxe6 {[%clk 00:26:51]}
{[%emt 00:00:24]} 23. e5 {[%clk 01:05:34]} {[%emt 00:04:13]} Ne8 {[%clk
00:23:57]} {[%emt 00:03:24]} 24. exd6 {[%clk 01:03:07]} {[%emt 00:02:57]} Bd4+
{[%clk 00:23:54]} {[%emt 00:00:33]} 25. Kh1 {[%clk 01:03:20]} {[%emt 00:00:17]}
g4 {[%clk 00:11:21]} {[%emt 00:13:02]} 26. Ne4 {[%clk 01:01:19]} {[%emt
00:02:32]} Nf6 {[%clk 00:09:00]} {[%emt 00:02:52]} 27. Bxd4 {[%clk 00:59:13]}
{[%emt 00:02:35]} Nxe4 {[%clk 00:07:50]} {[%emt 00:01:40]} 28. Rxe4 {[%clk
00:59:07]} {[%emt 00:00:36]} Rxf3 {[%clk 00:06:58]} {[%emt 00:01:22]} 29. Bf2
{[%clk 00:58:55]} {[%emt 00:00:42]} Qc6 {[%clk 00:06:53]} {[%emt 00:00:36]} 30.
Qe1 {[%clk 00:58:06]} {[%emt 00:01:18]} Rc3 {[%clk 00:04:33]} {[%emt 00:02:50]}
31. Rae2 {[%clk 00:58:09]} {[%emt 00:00:28]} Rf8 {[%clk 00:04:03]} {[%emt
00:01:00]} 32. Kg1 {[%clk 00:57:07]} {[%emt 00:01:31]} a5 {[%clk 00:03:26]}
{[%emt 00:01:07]} 33. Qxc3 {[%emt 00:00:34]} 1-0

[Event "DEM U12 2021"]
[Site "Willingen GER"]
[Date "2021.08.23"]
[Round "1"]
[White "Weber, Nikita"]
[Black "Engel, Bruno"]
[Result "1-0"]
[Termination "normal"]
[Board "19"]
[WhiteElo "1352"]
[BlackElo "1660"]
[WhiteClock "01:04:53"]
[BlackClock "01:15:38"]
[PlyCount "157"]
[WhiteFideId "34608770"]
[BlackFideId "34609008"]
[EventCountry "GER"]
[EventRounds "9"]
[EventType "swiss"]
[EventDate "2021.08.22"]

1. c4 {[%clk 01:30:57]} {[%emt 00:00:02]} Nf6 {[%clk 01:30:43]} {[%emt
00:00:16]} 2. d4 {[%clk 01:31:21]} {[%emt 00:00:07]} c5 {[%clk 01:30:56]}
{[%emt 00:00:16]} 3. d5 {[%clk 01:31:06]} {[%emt 00:00:46]} b5 {[%clk
01:31:05]} {[%emt 00:00:21]} 4. cxb5 {[%clk 01:30:37]} {[%emt 00:00:59]} a6
{[%clk 01:31:25]} {[%emt 00:00:11]} 5. b6 {[%clk 01:30:13]} {[%emt 00:00:54]}
Qxb6 {[%clk 01:31:24]} {[%emt 00:00:30]} 6. Nc3 {[%clk 01:30:35]} {[%emt
00:00:08]} d6 {[%clk 01:31:26]} {[%emt 00:00:28]} 7. e4 {[%clk 01:30:29]}
{[%emt 00:00:36]} g6 {[%clk 01:31:24]} {[%emt 00:00:32]} 8. Rb1 {[%clk
01:28:36]} {[%emt 00:02:24]} Bg7 {[%clk 01:31:04]} {[%emt 00:00:49]} 9. Be2
{[%clk 01:27:48]} {[%emt 00:01:18]} O-O {[%clk 01:30:43]} {[%emt 00:00:51]} 10.
Be3 {[%clk 01:28:06]} {[%emt 00:00:12]} Ne8 {[%clk 01:30:20]} {[%emt 00:00:53]}
11. Qc2 {[%clk 01:26:23]} {[%emt 00:02:13]} Qc7 {[%clk 01:29:19]} {[%emt
00:01:31]} 12. Nf3 {[%clk 01:26:06]} {[%emt 00:00:46]} f5 {[%clk 01:29:01]}
{[%emt 00:00:48]} 13. exf5 {[%clk 01:24:56]} {[%emt 00:01:40]} Bxf5 {[%clk
01:29:09]} {[%emt 00:00:23]} 14. Bd3 {[%clk 01:25:21]} {[%emt 00:00:05]} Bxd3
{[%clk 01:28:24]} {[%emt 00:01:16]} 15. Qxd3 {[%clk 01:25:45]} {[%emt
00:00:05]} Nd7 {[%clk 01:28:31]} {[%emt 00:00:23]} 16. Ng5 {[%clk 01:25:35]}
{[%emt 00:00:36]} Ne5 {[%clk 01:28:50]} {[%emt 00:00:15]} 17. Qe2 {[%clk
01:25:31]} {[%emt 00:00:33]} Qa5 {[%clk 01:25:59]} {[%emt 00:03:23]} 18. Ne6
{[%clk 01:25:17]} {[%emt 00:00:42]} Rf7 {[%clk 01:24:57]} {[%emt 00:01:33]} 19.
O-O {[%clk 01:23:46]} {[%emt 00:02:00]} Bf6 {[%clk 01:22:25]} {[%emt 00:03:03]}
20. f4 {[%clk 01:21:52]} {[%emt 00:02:24]} Nd7 {[%clk 01:22:33]} {[%emt
00:00:22]} 21. Bd2 {[%clk 01:20:22]} {[%emt 00:02:00]} Qb6 {[%clk 01:20:45]}
{[%emt 00:02:18]} 22. Kh1 {[%clk 01:19:35]} {[%emt 00:01:17]} Ng7 {[%clk
01:20:16]} {[%emt 00:00:59]} 23. g4 {[%clk 01:18:42]} {[%emt 00:01:23]} Nf8
{[%clk 01:19:18]} {[%emt 00:01:27]} 24. g5 {[%clk 01:18:39]} {[%emt 00:00:34]}
Bd4 {[%clk 01:19:17]} {[%emt 00:00:32]} 25. Nxg7 {[%clk 01:17:59]} {[%emt
00:01:10]} Bxg7 {[%clk 01:19:30]} {[%emt 00:00:16]} 26. Rf3 {[%clk 01:16:07]}
{[%emt 00:02:22]} Re8 {[%clk 01:18:51]} {[%emt 00:01:08]} 27. Re3 {[%clk
01:15:48]} {[%emt 00:00:48]} Rxf4 {[%clk 01:18:06]} {[%emt 00:01:17]} 28. Rxe7
{[%clk 01:15:56]} {[%emt 00:00:22]} Rxe7 {[%clk 01:18:17]} {[%emt 00:00:20]}
29. Qxe7 {[%clk 01:16:17]} {[%emt 00:00:08]} Rf7 {[%clk 01:18:23]} {[%emt
00:00:25]} 30. Qe4 {[%clk 01:15:48]} {[%emt 00:00:57]} Be5 {[%clk 01:18:16]}
{[%emt 00:00:37]} 31. Be3 {[%clk 01:15:35]} {[%emt 00:00:44]} Nd7 {[%clk
01:17:34]} {[%emt 00:01:12]} 32. Ne2 {[%clk 01:14:12]} {[%emt 00:01:54]} Qb5
{[%clk 01:17:22]} {[%emt 00:00:41]} 33. Bf4 {[%clk 01:13:21]} {[%emt 00:01:20]}
Rf5 {[%clk 01:13:54]} {[%emt 00:03:59]} 34. Nc3 {[%clk 01:10:52]} {[%emt
00:02:59]} Bxc3 {[%clk 01:13:07]} {[%emt 00:01:17]} 35. bxc3 {[%clk 01:11:13]}
{[%emt 00:00:09]} Qa5 {[%clk 01:11:15]} {[%emt 00:02:22]} 36. Qe6+ {[%clk
01:10:45]} {[%emt 00:00:58]} Rf7 {[%clk 01:11:34]} {[%emt 00:00:11]} 37. Bxd6
{[%clk 01:10:47]} {[%emt 00:00:28]} Qxc3 {[%clk 01:11:39]} {[%emt 00:00:25]}
38. Rf1 {[%clk 01:09:21]} {[%emt 00:01:55]} Qg7 {[%clk 01:11:40]} {[%emt
00:00:30]} 39. Be7 {[%clk 01:07:56]} {[%emt 00:01:54]} Nf8 {[%clk 01:11:33]}
{[%emt 00:00:38]} 40. Bxf8 {[%clk 01:04:39]} {[%emt 00:03:48]} Qxf8 {[%clk
01:11:49]} {[%emt 00:00:13]} 41. d6 {[%clk 01:04:48]} {[%emt 00:00:22]} Kg7
{[%clk 01:12:05]} {[%emt 00:00:13]} 42. Qe5+ {[%clk 01:04:20]} {[%emt
00:00:59]} Kg8 {[%clk 01:12:24]} {[%emt 00:00:10]} 43. Rf6 {[%clk 01:03:37]}
{[%emt 00:01:13]} Qa8+ {[%clk 01:10:27]} {[%emt 00:02:28]} 44. Kg1 {[%clk
01:04:01]} {[%emt 00:00:05]} Qd8 {[%clk 01:10:12]} {[%emt 00:00:45]} 45. Qd5
{[%clk 01:02:41]} {[%emt 00:01:50]} Qd7 {[%clk 01:10:22]} {[%emt 00:00:21]} 46.
Re6 {[%clk 01:02:28]} {[%emt 00:00:42]} Qa4 {[%clk 01:10:21]} {[%emt 00:00:31]}
47. Re7 {[%clk 01:00:34]} {[%emt 00:02:24]} Qg4+ {[%clk 01:10:15]} {[%emt
00:00:37]} 48. Kh1 {[%clk 01:00:57]} {[%emt 00:00:06]} Qf4 {[%clk 01:09:59]}
{[%emt 00:00:46]} 49. Rxf7 {[%clk 01:00:38]} {[%emt 00:00:49]} Qxf7 {[%clk
01:10:21]} {[%emt 00:00:08]} 50. Qd1 {[%clk 00:59:58]} {[%emt 00:01:09]} Qd7
{[%clk 01:10:23]} {[%emt 00:00:29]} 51. Qd5+ {[%clk 01:00:19]} {[%emt
00:00:10]} Kg7 {[%clk 01:10:37]} {[%emt 00:00:15]} 52. Qxc5 {[%clk 01:00:15]}
{[%emt 00:00:34]} Kf7 {[%clk 01:10:54]} {[%emt 00:00:13]} 53. Qc4+ {[%clk
01:00:26]} {[%emt 00:00:18]} Qe6 {[%clk 01:11:11]} {[%emt 00:00:14]} 54. Qc7+
{[%clk 01:00:29]} {[%emt 00:00:26]} Kf8 {[%clk 01:11:31]} {[%emt 00:00:11]} 55.
Qd8+ {[%clk 01:00:09]} {[%emt 00:00:50]} Kf7 {[%clk 01:11:52]} {[%emt
00:00:10]} 56. Qc7+ {[%clk 01:00:29]} {[%emt 00:00:09]} Kf8 {[%clk 01:12:16]}
{[%emt 00:00:06]} 57. Qb8+ {[%clk 01:00:53]} {[%emt 00:00:06]} Kf7 {[%clk
01:12:38]} {[%emt 00:00:09]} 58. Qa7+ {[%clk 01:00:46]} {[%emt 00:00:38]} Ke8
{[%clk 01:12:49]} {[%emt 00:00:17]} 59. Qxa6 {[%clk 01:00:08]} {[%emt
00:01:08]} Qe1+ {[%clk 01:12:12]} {[%emt 00:01:07]} 60. Kg2 {[%clk 01:00:32]}
{[%emt 00:00:06]} Qd2+ {[%clk 01:12:34]} {[%emt 00:00:08]} 61. Kf1 {[%clk
00:59:34]} {[%emt 00:01:25]} Qf4+ {[%clk 01:12:16]} {[%emt 00:00:51]} 62. Ke1
{[%clk 00:59:55]} {[%emt 00:00:07]} Qb4+ {[%clk 01:12:31]} {[%emt 00:00:17]}
63. Ke2 {[%clk 01:00:15]} {[%emt 00:00:09]} Qb2+ {[%clk 01:12:47]} {[%emt
00:00:15]} 64. Kd3 {[%clk 01:00:32]} {[%emt 00:00:13]} Qb1+ {[%clk 01:13:05]}
{[%emt 00:00:12]} 65. Kc3 {[%clk 01:00:56]} {[%emt 00:00:05]} Qc1+ {[%clk
01:13:26]} {[%emt 00:00:10]} 66. Kb4 {[%clk 01:01:23]} {[%emt 00:00:03]} Qb2+
{[%clk 01:13:44]} {[%emt 00:00:12]} 67. Kc5 {[%clk 01:01:47]} {[%emt 00:00:05]}
Qe5+ {[%clk 01:13:58]} {[%emt 00:00:17]} 68. Kc6 {[%clk 01:02:09]} {[%emt
00:00:08]} Qc3+ {[%clk 01:14:20]} {[%emt 00:00:08]} 69. Kb7 {[%clk 01:02:34]}
{[%emt 00:00:05]} Qb4+ {[%clk 01:14:34]} {[%emt 00:00:16]} 70. Ka7 {[%clk
01:02:54]} {[%emt 00:00:09]} Qd4+ {[%clk 01:13:49]} {[%emt 00:01:15]} 71. Qb6
{[%clk 01:03:08]} {[%emt 00:00:16]} Qa4+ {[%clk 01:14:06]} {[%emt 00:00:14]}
72. Qa6 {[%clk 01:03:08]} {[%emt 00:00:31]} Qd4+ {[%clk 01:14:12]} {[%emt
00:00:22]} 73. Kb7 {[%clk 01:03:31]} {[%emt 00:00:08]} Qb4+ {[%clk 01:14:26]}
{[%emt 00:00:17]} 74. Qb6 {[%clk 01:03:52]} {[%emt 00:00:08]} Qf4 {[%clk
01:14:17]} {[%emt 00:00:39]} 75. Qc6+ {[%clk 01:03:46]} {[%emt 00:00:36]} Kf8
{[%clk 01:14:38]} {[%emt 00:00:09]} 76. Qc8+ {[%clk 01:03:47]} {[%emt
00:00:29]} Kf7 {[%clk 01:14:59]} {[%emt 00:00:10]} 77. Qd7 {[%clk 01:04:08]}
{[%emt 00:00:09]} Kg8 {[%clk 01:15:17]} {[%emt 00:00:11]} 78. Qe6+ {[%clk
01:04:30]} {[%emt 00:00:08]} Kg7 {[%clk 01:15:38]} {[%emt 00:00:09]} 79. Qf6
{[%clk 01:04:53]} {[%emt 00:00:08]} 1-0

[Event "DEM U12 2021"]
[Site "Willingen GER"]
[Date "2021.08.23"]
[Round "1"]
[White "Wunderlich, Elias"]
[Black "Jumah, Shayan"]
[Result "1-0"]
[Termination "normal"]
[Board "20"]
[WhiteElo "1657"]
[BlackElo "1275"]
[WhiteClock "01:08:18"]
[BlackClock "00:18:29"]
[PlyCount "49"]
[WhiteFideId "34608087"]
[BlackFideId "16281888"]
[EventCountry "GER"]
[EventRounds "9"]
[EventType "swiss"]
[EventDate "2021.08.22"]

1. e4 {[%clk 01:30:57]} {[%emt 00:00:04]} e6 {[%clk 01:30:54]} {[%emt
00:00:06]} 2. d4 {[%clk 01:31:23]} {[%emt 00:00:05]} d5 {[%clk 01:31:20]}
{[%emt 00:00:04]} 3. Nd2 {[%clk 01:31:48]} {[%emt 00:00:04]} Nf6 {[%clk
01:31:29]} {[%emt 00:00:21]} 4. e5 {[%clk 01:32:02]} {[%emt 00:00:17]} Nfd7
{[%clk 01:31:44]} {[%emt 00:00:15]} 5. Bd3 {[%clk 01:32:14]} {[%emt 00:00:18]}
c5 {[%clk 01:32:00]} {[%emt 00:00:13]} 6. c3 {[%clk 01:32:39]} {[%emt
00:00:06]} Nc6 {[%clk 01:32:23]} {[%emt 00:00:07]} 7. Ne2 {[%clk 01:32:48]}
{[%emt 00:00:21]} Be7 {[%clk 01:31:34]} {[%emt 00:01:18]} 8. Nf3 {[%clk
01:32:22]} {[%emt 00:00:56]} O-O {[%clk 01:30:48]} {[%emt 00:01:16]} 9. O-O
{[%clk 01:32:32]} {[%emt 00:00:20]} c4 {[%clk 01:27:25]} {[%emt 00:03:53]} 10.
Bb1 {[%clk 01:32:21]} {[%emt 00:00:41]} a5 {[%clk 01:25:55]} {[%emt 00:02:01]}
11. Qc2 {[%clk 01:29:58]} {[%emt 00:02:52]} f5 {[%clk 01:24:13]} {[%emt
00:02:12]} 12. Nf4 {[%clk 01:28:20]} {[%emt 00:02:09]} Nb6 {[%clk 01:23:50]}
{[%emt 00:00:52]} 13. h3 {[%clk 01:25:50]} {[%emt 00:02:59]} Bd7 {[%clk
01:17:27]} {[%emt 00:06:54]} 14. Kh1 {[%clk 01:19:20]} {[%emt 00:07:01]} g6
{[%clk 00:59:16]} {[%emt 00:18:40]} 15. Nh2 {[%clk 01:17:41]} {[%emt 00:02:09]}
a4 {[%clk 00:52:56]} {[%emt 00:06:50]} 16. g4 {[%clk 01:15:28]} {[%emt
00:02:43]} Rf7 {[%clk 00:42:30]} {[%emt 00:10:55]} 17. Rg1 {[%clk 01:14:33]}
{[%emt 00:01:26]} Qe8 {[%clk 00:39:19]} {[%emt 00:03:41]} 18. gxf5 {[%clk
01:14:04]} {[%emt 00:00:59]} Rxf5 {[%clk 00:37:46]} {[%emt 00:02:02]} 19. Qe2
{[%clk 01:13:24]} {[%emt 00:01:11]} Rg5 {[%clk 00:36:50]} {[%emt 00:01:25]} 20.
Ng4 {[%clk 01:09:33]} {[%emt 00:04:22]} Kg7 {[%clk 00:29:00]} {[%emt 00:08:20]}
21. h4 {[%clk 01:09:17]} {[%emt 00:00:47]} h5 {[%clk 00:25:44]} {[%emt
00:03:45]} 22. hxg5 {[%clk 01:08:37]} {[%emt 00:01:11]} hxg4 {[%clk 00:26:04]}
{[%emt 00:00:09]} 23. Nxg6 {[%clk 01:08:16]} {[%emt 00:00:51]} Qg8 {[%clk
00:19:10]} {[%emt 00:07:22]} 24. Qxg4 {[%clk 01:08:21]} {[%emt 00:00:27]} Qh7+
{[%clk 00:18:29]} {[%emt 00:01:11]} 25. Nh4 {[%clk 01:08:18]} {[%emt 00:00:32]}
1-0

[Event "DEM U12 2021"]
[Site "Willingen GER"]
[Date "2021.08.23"]
[Round "1"]
[White "Rödel, Jannis"]
[Black "Braun, Julian"]
[Result "0-1"]
[Termination "normal"]
[Board "21"]
[WhiteElo "1349"]
[BlackElo "1436"]
[WhiteClock "00:08:09"]
[BlackClock "00:33:04"]
[PlyCount "54"]
[WhiteFideId "34608834"]
[BlackFideId "16289293"]
[EventCountry "GER"]
[EventRounds "9"]
[EventType "swiss"]
[EventDate "2021.08.22"]

1. e4 {[%clk 01:30:54]} {[%emt 00:00:05]} e5 {[%clk 01:30:59]} {[%emt
00:00:02]} 2. Nf3 {[%clk 01:31:17]} {[%emt 00:00:07]} Nc6 {[%clk 01:31:25]}
{[%emt 00:00:04]} 3. Bc4 {[%clk 01:31:39]} {[%emt 00:00:08]} Bc5 {[%clk
01:31:48]} {[%emt 00:00:08]} 4. c3 {[%clk 01:32:03]} {[%emt 00:00:05]} Nf6
{[%clk 01:32:14]} {[%emt 00:00:04]} 5. d3 {[%clk 01:32:27]} {[%emt 00:00:06]}
O-O {[%clk 01:32:34]} {[%emt 00:00:09]} 6. b4 {[%clk 01:32:40]} {[%emt
00:00:19]} Be7 {[%clk 01:32:51]} {[%emt 00:00:13]} 7. Qb3 {[%clk 01:23:18]}
{[%emt 00:09:52]} h6 {[%clk 01:29:04]} {[%emt 00:04:16]} 8. Be3 {[%clk
01:17:58]} {[%emt 00:05:50]} d6 {[%clk 01:24:25]} {[%emt 00:05:09]} 9. Nbd2
{[%clk 01:13:51]} {[%emt 00:04:37]} Bd7 {[%clk 01:18:12]} {[%emt 00:06:43]} 10.
h3 {[%clk 01:05:22]} {[%emt 00:08:59]} a5 {[%clk 01:13:47]} {[%emt 00:04:56]}
11. a4 {[%clk 00:54:35]} {[%emt 00:11:17]} axb4 {[%clk 01:11:54]} {[%emt
00:02:21]} 12. cxb4 {[%clk 00:52:17]} {[%emt 00:02:50]} Qc8 {[%clk 00:58:11]}
{[%emt 00:14:12]} 13. Nh4 {[%clk 00:37:35]} {[%emt 00:15:12]} Nxe4 {[%clk
00:57:21]} {[%emt 00:01:19]} 14. Ng6 {[%emt 00:06:44]} Nxd2 {[%clk 00:56:33]}
{[%emt 00:01:16]} 15. Bxd2 {[%clk 00:31:42]} {[%emt 00:00:11]} Bf6 {[%clk
00:55:33]} {[%emt 00:01:30]} 16. Nxf8 {[%clk 00:27:03]} {[%emt 00:05:10]} Qxf8
{[%clk 00:55:58]} {[%emt 00:00:05]} 17. Be3 {[%clk 00:23:38]} {[%emt 00:03:55]}
Ne7 {[%clk 00:52:07]} {[%emt 00:04:21]} 18. g4 {[%clk 00:21:04]} {[%emt
00:03:04]} Bc6 {[%clk 00:51:12]} {[%emt 00:01:25]} 19. O-O {[%clk 00:18:00]}
{[%emt 00:03:33]} Rd8 {[%clk 00:44:41]} {[%emt 00:07:01]} 20. Qc2 {[%clk
00:13:11]} {[%emt 00:05:19]} Ng6 {[%clk 00:37:30]} {[%emt 00:07:42]} 21. b5
{[%clk 00:11:48]} {[%emt 00:01:53]} Bf3 {[%clk 00:36:17]} {[%emt 00:01:44]} 22.
Ba2 {[%clk 00:10:47]} {[%emt 00:01:31]} Rd7 {[%clk 00:34:22]} {[%emt 00:02:24]}
23. Bd2 {[%clk 00:10:39]} {[%emt 00:00:39]} Nh4 {[%clk 00:33:26]} {[%emt
00:01:25]} 24. Kh2 {[%clk 00:10:04]} {[%emt 00:01:05]} b6 {[%clk 00:33:04]}
{[%emt 00:00:53]} 25. Rg1 {[%clk 00:10:04]} {[%emt 00:00:29]} Bb7 {[%clk
00:32:49]} {[%emt 00:00:44]} 26. Kg3 {[%clk 00:08:30]} {[%emt 00:02:04]} Nf3
{[%clk 00:32:50]} {[%emt 00:00:29]} 27. Rgf1 {[%clk 00:08:09]} {[%emt
00:00:52]} Bh4+ {[%clk 00:33:04]} {[%emt 00:00:16]} 0-1